000 00673nam a2200205 4500
999 _c6441
_d6441
008 020530s1995 us eng
020 _a9718892133
245 1 0 _aStudies in Fiipino families /
_cedited by Cecilia A. Florencio and Flor Crisanta F. Galvez.
260 _aQuezon City :
_bFamily Studies Program ;
_cCollege of H. E., U.P, c1995.
300 _axiii, 196 p.:
_bill.;
_c23cm.
336 _atext
337 _aunmediated
338 _avolume
505 0 _avol. I.
651 4 _aFamily
_xHealth and hygiene
_zPhilippines.
651 4 _aFamily
_xResearch
_zPhilippines.
700 1 _aFlorencio, Cecilia A.
700 1 _aGalvez, Flor Crisanta F.
942 _2lcc
_cBK